|
|
|
|
| LEADER |
00656nam a2200205Ia 4500 |
| 001 |
CTU_128719 |
| 008 |
210402s9999 xx 000 0 und d |
| 020 |
|
|
|c 440000
|
| 082 |
|
|
|a 658.4052
|
| 082 |
|
|
|b L671
|
| 100 |
|
|
|a Lewicki, Roy J.
|
| 245 |
|
0 |
|a Mastering business negotiation :
|
| 245 |
|
2 |
|b a working guide to making deals and resolving conflict
|
| 245 |
|
0 |
|c Roy J. Lewicki, Alexander Hiam.
|
| 260 |
|
|
|a San Francisco, CA.
|
| 260 |
|
|
|b Jossey-Bass, a Wiley Imprint
|
| 260 |
|
|
|c 2006
|
| 650 |
|
|
|a Negotiation in business,Thương lượng trong kinh doanh
|
| 904 |
|
|
|i Minh
|
| 980 |
|
|
|a Trung tâm Học liệu Trường Đại học Cần Thơ
|